| 000 | 00732cab a2200253 4500 | ||
|---|---|---|---|
| 001 | WB3420-22 | ||
| 008 | 090401t1998 xxu||||| |||| 00| 0 eng d | ||
| 035 | _a(Sirsi) u86422 | ||
| 041 | _aeng | ||
| 245 | _aRent caps | ||
| 260 | _c1998 | ||
| 350 | _a0 | ||
| 490 |
_aSunday Business _v24 May 1998, 9(1) |
||
| 520 | _aPlans to cap regulated rents by government will discourage institutional investment in the residential property market, warns the British Property Federation. | ||
| 650 | _aBPF | ||
| 650 | _aCAPPING | ||
| 650 | _aHOUSING INVESTMENT | ||
| 650 | _aINSTITUTIONAL INVESTMENT | ||
| 650 | _aPRIVATE RENTED SECTOR | ||
| 650 | _aREGULATED RENTS | ||
| 690 | _aHOUSING | ||
| 942 | _n0 | ||
| 948 | _c28/05/1998 | ||
| 999 |
_c54389 _d54389 |
||